[Event "Michigan Open Reserve"]
[Site "Cadillac, MI"]
[Date "1999.09.06"]
[Round "6"]
[White "Seppala, Travis"]
[Black "Hogarth, Frank"]
[Result "1-0"]
[WhiteElo "907"]
[BlackElo "879"]
[PlyCount "93"]
[EventDate "1999.09.03"]

1. e4 Nf6 2. Nc3 e6 3. Bc4 Nc6 4. Nf3 d5 5. exd5 exd5 6. Qe2+ Be7 7. Bb5 Bd7 8.
d4 O-O 9. Bd3 Bb4 10. Bd2 Re8 11. Ne5 Nxd4 12. Qd1 Rxe5+ 13. Be3 Bg4 14. Qd2
Ne4 15. Bxe4 dxe4 16. Bxd4 Rd5 17. Qf4 Bf5 18. Be5 Bg6 19. Bxc7 Qd7 20. O-O Bd6
21. Bxd6 Rxd6 22. Nxe4 Bxe4 23. Qxe4 Re8 24. Qf3 Qb5 25. Rfe1 Rxe1+ 26. Rxe1
Kf8 27. Qa3 Qb6 28. Rd1 Ke7 29. Rxd6 Qxd6 30. Qxd6+ Kxd6 31. Kf1 Kc5 32. Ke2
Kc4 33. Kd2 b5 34. b3+ Kb4 35. Kd3 Ka3 36. c4 Kb4 37. Kd4 a5 38. c5 a4 39. c6
axb3 40. axb3 Kxb3 41. c7 b4 42. c8=Q Ka3 43. Qa6+ Kb3 44. Qc4+ Ka4 45. Kc5 Ka3
46. Qxb4+ Ka2 47. Kc4 1-0

[Event "Michigan Open Reserve"]
[Site "Cadillac, MI"]
[Date "1999.09.06"]
[Round "7"]
[White "Saulmon, Scott"]
[Black "Choate, Eric"]
[Result "1-0"]
[WhiteElo "1528"]
[BlackElo "1168"]
[PlyCount "61"]
[EventDate "1999.09.03"]

1. e4 e5 2. Nf3 d6 3. d4 exd4 4. Bc4 Be7 5. Nxd4 Nf6 6. Nc3 Nbd7 7. O-O O-O 8.
f4 Nc5 9. e5 Nfe4 10. Qf3 dxe5 11. Nde2 Nxc3 12. bxc3 exf4 13. Bxf4 Rb8 14.
Rad1 Qe8 15. Bxc7 Ra8 16. Nf4 Qa4 17. Bd5 Qxc2 18. Nh5 Qg6 19. h3 Be6 20. Be5
Bxd5 21. Rxd5 Ne6 22. Rd7 Bc5+ 23. Kh1 b6 24. Ng3 a5 25. Nf5 Qg5 26. Rxf7 Kxf7
27. Nh6+ Kg6 28. Nf7 Rae8 29. Qd3+ Kh5 30. g4+ Kh4 31. Qg3# 1-0

[Event "Michigan Open Reserve"]
[Site "Cadillac, MI"]
[Date "1999.09.06"]
[Round "6"]
[White "Saulmon, Scott"]
[Black "Ballou, Max"]
[Result "1-0"]
[WhiteElo "1528"]
[BlackElo "927"]
[PlyCount "25"]
[EventDate "1999.09.03"]

1. e4 e5 2. Nf3 Nc6 3. d4 exd4 4. Bc4 d6 5. O-O Nf6 6. Ng5 Ne5 7. Bb3 Be7 8. f4
Nfd7 9. fxe5 Bxg5 10. Bxf7+ Kf8 11. Bh5+ Kg8 12. Qxd4 Nxe5 13. Qd5+ 1-0

[Event "Michigan Open Reserve"]
[Site "Cadillac, MI"]
[Date "1999.09.06"]
[Round "6"]
[White "Sanborn, Richard"]
[Black "McCormick, Tim"]
[Result "1-0"]
[WhiteElo "1760"]
[BlackElo "1375"]
[PlyCount "119"]
[EventDate "1999.09.03"]

1. e4 d5 2. exd5 Qxd5 3. Nc3 Qa5 4. d4 c6 5. Bd3 Nf6 6. Nge2 Bg4 7. O-O e6 8.
f3 Bf5 9. a3 Bxd3 10. Qxd3 Bd6 11. Ne4 Nxe4 12. fxe4 Qd8 13. e5 Bc7 14. Qc3 g6
15. Qf3 Qd7 16. Bh6 Na6 17. b4 Bb6 18. c3 Nc7 19. Bg7 Rg8 20. Bf6 Nd5 21. Ng3
Nxc3 22. Rac1 Bxd4+ 23. Kh1 Qd5 24. Rxc3 Bxc3 25. Qxc3 Kd7 26. Qc2 Kc7 27. Rd1
Qb5 28. Qd2 Qd5 29. Qc2 Qb5 30. h3 Rad8 31. Bxd8+ Rxd8 32. Rxd8 Kxd8 33. Qd2+
Qd5 34. Qg5+ Kc7 35. Qe7+ Qd7 36. Qxd7+ Kxd7 37. Ne4 h5 38. Kg1 b6 39. Kf2 a5
40. Ke3 axb4 41. axb4 Ke7 42. g4 hxg4 43. hxg4 c5 44. b5 Kd8 45. g5 Ke7 46. Nd6
Kd7 47. Nxf7 Ke7 48. Nh8 Kf8 49. Nxg6+ Kg7 50. Nf4 Kf7 51. g6+ Kg7 52. Ke4 Kh6
53. Nxe6 Kxg6 54. Kd5 Kf7 55. Nxc5 bxc5 56. Kxc5 Ke6 57. b6 Kd7 58. Kd5 Kc8 59.
Kc6 Kb8 60. e6 1-0

[Event "Michigan Open Reserve"]
[Site "Cadillac, MI"]
[Date "1999.09.06"]
[Round "6"]
[White "Oss, Terry"]
[Black "Cox, Daniel"]
[Result "1-0"]
[WhiteElo "858"]
[BlackElo "802"]
[PlyCount "99"]
[EventDate "1999.09.03"]

1. d4 d6 2. Nf3 Nf6 3. e3 g6 4. c4 Bg7 5. Nc3 O-O 6. Be2 b6 7. b4 c5 8. bxc5
dxc5 9. O-O Nbd7 10. Bb2 Bb7 11. a4 Qc8 12. Qc2 Bc6 13. a5 Qc7 14. axb6 axb6
15. Qb3 Qb7 16. Rfd1 e6 17. Ba3 Rfe8 18. Rdb1 Ra6 19. dxc5 Nxc5 20. Qd1 Rea8
21. Bxc5 Ne4 22. Bd4 Nxc3 23. Bxc3 Bxc3 24. Rxa6 Rxa6 25. Rc1 Bb4 26. Bd3 Bd6
27. h3 e5 28. Ne1 Bb4 29. Qg4 f5 30. Qg5 Be7 31. Qg3 Bd6 32. Bxf5 Be8 33. f3
Ra5 34. Be6+ Bf7 35. Bxf7+ Kxf7 36. Qg4 Rc5 37. Nd3 Rc8 38. e4 Qa6 39. Qd7+ Be7
40. Nxe5+ Kf6 41. Ng4+ Kf7 42. Qd5+ Kf8 43. e5 Rd8 44. Qb5 Bc5+ 45. Kh2 Qa2 46.
Qc6 Rd2 47. f4 Rxg2+ 48. Qxg2 Bg1+ 49. Kxg1 Qxg2+ 50. Kxg2 1-0

[Event "Michigan Open Reserve"]
[Site "Cadillac, MI"]
[Date "1999.09.06"]
[Round "7"]
[White "Mose, Greg"]
[Black "Crysler, Jerry"]
[Result "1-0"]
[WhiteElo "1563"]
[BlackElo "1345"]
[PlyCount "120"]
[EventDate "1999.09.03"]

1. e4 g6 2. d4 Bg7 3. Nf3 c5 4. c3 cxd4 5. cxd4 d6 6. Qa4+ Bd7 7. Qb3 Qc7 8.
Nc3 Nf6 9. Bc4 O-O 10. Bxf7+ Rxf7 11. Ng5 e6 12. Nxf7 Kxf7 13. O-O a6 14. e5
Ne8 15. f4 Nc6 16. f5 Nxd4 17. fxe6+ Ke7 18. Rf7+ Kd8 19. Rxd7+ Qxd7 20. exd7
Nxb3 21. dxe8=Q+ Kxe8 22. axb3 Bxe5 23. Nd5 Rc8 24. Nb6 Rc2 25. Nc4 Bd4+ 26.
Kh1 d5 27. Nd6+ Kd7 28. Nxb7 Re2 29. Bf4 Rxb2 30. Na5 Rf2 31. Bg3 Rd2 32. Rb1
Bb6 33. b4 Ra2 34. Be1 Ke6 35. h3 Bc7 36. Nb3 Be5 37. Nc1 Ra3 38. Nb3 d4 39.
Nc5+ Kd5 40. Rd1 a5 41. Nd3 a4 42. Rb1 Bd6 43. Nc1 Kc4 44. b5 d3 45. Bd2 Bb8
46. b6 Rc3 47. Bxc3 Kxc3 48. Nxd3 Kxd3 49. Ra1 Kc4 50. Rxa4+ Kb5 51. Ra8 Bf4
52. b7 Kc5 53. b8=Q Bxb8 54. Rxb8 Kd5 55. Re8 Kd6 56. g4 Kd7 57. Re1 h6 58. Kg2
Kd6 59. h4 Kd7 60. Kf3 Kd6 1-0

[Event "Michigan Open Reserve"]
[Site "Cadillac, MI"]
[Date "1999.09.06"]
[Round "7"]
[White "Moore, Robert"]
[Black "Grzegorczyk, Ron"]
[Result "0-1"]
[WhiteElo "1600"]
[BlackElo "1500"]
[PlyCount "114"]
[EventDate "1999.09.03"]

1. e4 c5 2. Nf3 Nc6 3. d4 cxd4 4. Nxd4 e6 5. Be2 Nf6 6. Bg5 Be7 7. O-O Nxe4 8.
Bxe7 Qxe7 9. Nb5 d5 10. Bd3 Nf6 11. Nd2 a6 12. Nc3 O-O 13. Nf3 e5 14. Be2 d4
15. Na4 Bg4 16. b3 Rad8 17. Nb2 Bxf3 18. Bxf3 Nd5 19. Bxd5 Rxd5 20. Re1 Qd7 21.
a3 f6 22. Nc4 Qc7 23. Qf3 Rd7 24. Rad1 b5 25. Nd2 Ne7 26. Qd3 Nd5 27. Ne4 Rc8
28. Rd2 Rdd8 29. b4 Qa7 30. Nc5 Nc3 31. Qf5 a5 32. Ne6 Re8 33. Rd3 Qd7 34. Nxg7
Qxf5 35. Nxf5 Ra8 36. Rg3+ Kh8 37. Rg7 axb4 38. axb4 Rg8 39. Rf7 Raf8 40. Rb7
Rg5 41. Nd6 Rg7 42. Rxg7 Kxg7 43. Ra1 Kg6 44. Ra7 Rd8 45. Ra6 Rb8 46. g4 h5 47.
gxh5+ Kxh5 48. Nf5 Kg5 49. Ng3 Rf8 50. Ra7 f5 51. Rg7+ Kh6 52. Re7 f4 53. Re6+
Kh7 54. Re7+ Kg6 55. Nf1 Kf6 56. Rb7 Rg8+ 57. Kh1 Ne2 0-1

[Event "Michigan Open Reserve"]
[Site "Cadillac, MI"]
[Date "1999.09.06"]
[Round "6"]
[White "Mitchell, Dave"]
[Black "Swathell, Gary"]
[Result "0-1"]
[WhiteElo "1295"]
[BlackElo "1551"]
[PlyCount "44"]
[EventDate "1999.09.03"]

1. e4 d6 2. d4 g6 3. Nc3 Bg7 4. f4 Nd7 5. Nf3 e5 6. fxe5 dxe5 7. Be2 exd4 8.
Nxd4 Ngf6 9. O-O O-O 10. Bg5 c6 11. Kh1 Qb6 12. Nb3 h6 13. Bh4 Re8 14. Bd3 g5
15. Bf2 Qc7 16. Bg3 Qd8 17. Qd2 Nh5 18. Be1 Ne5 19. Qf2 Rf8 20. Rd1 Qc7 21. Nd4
Ng4 22. Qf3 Qxh2# 0-1

[Event "Michigan Open Reserve"]
[Site "Cadillac, MI"]
[Date "1999.09.06"]
[Round "7"]
[White "Miller, Jess"]
[Black "Lin, Alan"]
[Result "1-0"]
[WhiteElo "1231"]
[BlackElo "1018"]
[PlyCount "69"]
[EventDate "1999.09.03"]

1. d4 c5 2. e3 d5 3. c4 cxd4 4. exd4 dxc4 5. Bxc4 Nf6 6. Nc3 g6 7. Nf3 Bg7 8.
Qb3 O-O 9. Be3 Nc6 10. Rd1 Na5 11. Qb4 Nxc4 12. Qxc4 Bg4 13. b3 Bxf3 14. gxf3
Rc8 15. Qd3 a6 16. Ne2 Qa5+ 17. Rd2 Rc1+ 18. Nxc1 Rc8 19. O-O Rc3 20. Qe2 Nd5
21. Rc2 Rxc2 22. Qxc2 Nxe3 23. Qc8+ Bf8 24. fxe3 Qg5+ 25. Qg4 Qxe3+ 26. Kh1 e6
27. Qe4 Qd2 28. Qd3 Qf4 29. Ne2 Qh4 30. f4 g5 31. Qg3 Qxg3 32. hxg3 g4 33. Rc1
Kg7 34. Rc7 b6 35. Rc6 1-0

[Event "Michigan Open Reserve"]
[Site "Cadillac, MI"]
[Date "1999.09.06"]
[Round "7"]
[White "McCormick, Tim"]
[Black "Croel, Duane"]
[Result "1/2-1/2"]
[WhiteElo "1375"]
[BlackElo "1762"]
[PlyCount "77"]
[EventDate "1999.09.03"]

1. e4 c5 2. c3 Nf6 3. e5 Nd5 4. Bc4 e6 5. Bxd5 exd5 6. d4 Nc6 7. Nf3 d6 8. exd6
Bxd6 9. Qe2+ Qe7 10. Qxe7+ Bxe7 11. O-O O-O 12. Re1 Bg4 13. Ne5 Be6 14. Nxc6
bxc6 15. Be3 c4 16. Nd2 Rab8 17. Rab1 Rb7 18. Bf4 Bf6 19. Nf3 Bf5 20. Ra1 Rxb2
21. Re3 Bd3 22. Rae1 h6 23. a3 Rb3 24. Bd6 Rd8 25. Bb4 Rb1 26. Rxb1 Bxb1 27.
Ne5 Bxe5 28. Rxe5 Rd7 29. Re7 Rxe7 30. Bxe7 f5 31. f4 Kf7 32. Bc5 a6 33. Kf2 g5
34. g3 Kg6 35. h4 Bc2 36. Be7 g4 37. Bc5 h5 38. Ke1 Kf6 39. Kd2 1/2-1/2

[Event "Michigan Open Reserve"]
[Site "Cadillac, MI"]
[Date "1999.09.06"]
[Round "7"]
[White "Mayer, Raymond"]
[Black "Williams, Christopher"]
[Result "1-0"]
[WhiteElo "1345"]
[BlackElo "763"]
[PlyCount "71"]
[EventDate "1999.09.03"]

1. d4 d5 2. c4 c6 3. Nf3 Nf6 4. Bg5 h6 5. Bh4 g5 6. Bg3 Bg4 7. e3 e6 8. Nbd2
Na6 9. Be2 Bf5 10. a3 Ne4 11. O-O Be7 12. Ne5 Rf8 13. Bh5 Nd6 14. b3 Bf6 15. f4
Bxe5 16. fxe5 Ne4 17. Nxe4 Bxe4 18. Rf6 Nc7 19. Qe2 b5 20. Raf1 Qe7 21. Qf2
O-O-O 22. Qb2 dxc4 23. bxc4 bxc4 24. Be1 Rd7 25. Bb4 c5 26. Bxc5 Qd8 27. Bxf8
Qxf8 28. Bxf7 Nd5 29. R6f2 c3 30. Qc1 Re7 31. Bxe6+ Rxe6 32. Rxf8+ Kb7 33.
R1f7+ Ka6 34. Qf1+ Kb6 35. Rb8+ Kc6 36. Qc4# 1-0

[Event "Michigan Open Reserve"]
[Site "Cadillac, MI"]
[Date "1999.09.06"]
[Round "6"]
[White "Lin, Alan"]
[Black "Kelly, James"]
[Result "0-1"]
[WhiteElo "1018"]
[BlackElo "1586"]
[PlyCount "129"]
[EventDate "1999.09.03"]

1. e4 e5 2. Nf3 Nc6 3. Bb5 a6 4. Ba4 Nf6 5. O-O Be7 6. Re1 b5 7. Bb3 d6 8. h3
Na5 9. c3 Nxb3 10. Qxb3 Be6 11. Qd1 c5 12. d4 Qc7 13. d5 Bd7 14. Nbd2 O-O 15.
c4 Rab8 16. b3 b4 17. a3 a5 18. axb4 axb4 19. Bb2 Ra8 20. Qc2 h6 21. Nf1 Nh5
22. Reb1 f5 23. N1d2 f4 24. Qd1 g6 25. Rxa8 Rxa8 26. Ra1 Qb8 27. Kh2 Ng7 28. g3
fxg3+ 29. fxg3 Qc8 30. Rxa8 Qxa8 31. Qa1 Qxa1 32. Bxa1 Ne8 33. g4 g5 34. Kg3
Kg7 35. Bb2 Kg6 36. Bc1 Nf6 37. Bb2 h5 38. gxh5+ Nxh5+ 39. Kh2 Nf4 40. Bxe5
Nxh3 41. Bg3 Nf4 42. Bxf4 gxf4 43. e5 Bg4 44. e6 Bh5 45. Kg2 Kf5 46. Ne1 Bd8
47. Nef3 Bc7 48. Kh3 Bd8 49. Nh4+ Kg5 50. Nhf3+ Bxf3 51. Nxf3+ Kf5 52. Kg2 Ke4
53. Kf2 Kd3 54. Ke1 Kc2 55. Nd2 f3 56. Nxf3 Kxb3 57. Nd2+ Kc2 58. Ke2 b3 59.
Ke3 b2 60. Ke2 b1=Q 61. Nxb1 Kxb1 62. Kd3 Kb2 63. Ke4 Kb3 64. Kf5 Kxc4 65. Kg6
0-1

[Event "Michigan Open Reserve"]
[Site "Cadillac, MI"]
[Date "1999.09.06"]
[Round "7"]
[White "Kyser, Bob"]
[Black "Oss, Terry"]
[Result "1-0"]
[WhiteElo "1309"]
[BlackElo "858"]
[PlyCount "79"]
[EventDate "1999.09.03"]

1. d4 e6 2. Bf4 d5 3. e3 Nf6 4. h3 c5 5. c4 cxd4 6. exd4 Nc6 7. Nf3 b6 8. Qa4
Bd7 9. Qd1 Be7 10. Nc3 a6 11. Bd3 Nb4 12. Be2 O-O 13. a3 Nc6 14. cxd5 exd5 15.
O-O b5 16. Rc1 Bc8 17. Re1 Bd6 18. Ne5 Bb7 19. Bf3 Ne7 20. Bg5 Nf5 21. Bxf6
Qxf6 22. Nd7 Qxd4 23. Nxf8 Kxf8 24. Qxd4 Nxd4 25. Bxd5 Bxd5 26. Nxd5 Rd8 27.
Re4 Ne6 28. g3 Ng5 29. Re2 Nxh3+ 30. Kg2 Ng5 31. f4 Ne6 32. Rd2 f5 33. Ne3 g6
34. Rc6 Re8 35. Rdxd6 Kf7 36. Rxa6 Re7 37. Nd5 Re8 38. Ra7+ Kf8 39. Rxh7 Kg8
40. Nf6+ 1-0

[Event "Michigan Open Reserve"]
[Site "Cadillac, MI"]
[Date "1999.09.06"]
[Round "6"]
[White "Kyser, Bob"]
[Black "Miller, Jess"]
[Result "0-1"]
[WhiteElo "1309"]
[BlackElo "1231"]
[PlyCount "50"]
[EventDate "1999.09.03"]

1. d4 d5 2. Bg5 h6 3. Bh4 Nf6 4. Bxf6 exf6 5. e3 c5 6. Bb5+ Bd7 7. Nc3 Bxb5 8.
Nxb5 Qa5+ 9. Nc3 Nc6 10. Qd2 Rd8 11. Nge2 Be7 12. Nf4 cxd4 13. exd4 O-O 14. O-O
Rfe8 15. a3 Bd6 16. b4 Qc7 17. Ncxd5 Qb8 18. g3 Bxf4 19. Nxf4 Nxd4 20. Qc3 Qxf4
21. Qc5 Qf3 22. Rfe1 Rxe1+ 23. Rxe1 Ne2+ 24. Kf1 Re8 25. Qb5 Qh1# 0-1

[Event "Michigan Open Reserve"]
[Site "Cadillac, MI"]
[Date "1999.09.06"]
[Round "7"]
[White "Kelly, James"]
[Black "Imai, Toshio"]
[Result "1-0"]
[WhiteElo "1586"]
[BlackElo "1500"]
[PlyCount "35"]
[EventDate "1999.09.03"]

1. d4 Nf6 2. e3 c5 3. c3 e6 4. Bd3 d5 5. f4 c4 6. Bc2 Nc6 7. Nf3 Bd6 8. O-O O-O
9. Ne5 Bxe5 10. fxe5 Ne4 11. Nd2 f5 12. exf6 Nxf6 13. e4 e5 14. exd5 Qxd5 15.
Nxc4 Bg4 16. Qd3 exd4 17. Bb3 Qb5 18. Nd6+ 1-0

[Event "Michigan Open Reserve"]
[Site "Cadillac, MI"]
[Date "1999.09.06"]
[Round "6"]
[White "Johnson, Donta"]
[Black "Goud, Satish"]
[Result "1-0"]
[WhiteElo "1483"]
[BlackElo "1581"]
[PlyCount "147"]
[EventDate "1999.09.03"]

1. e4 e6 2. d4 d5 3. Nd2 dxe4 4. Nxe4 Nd7 5. Nf3 Ngf6 6. Bd3 b6 7. O-O Bb7 8.
Qe2 Be7 9. Bd2 O-O 10. Rfe1 c5 11. dxc5 Nxe4 12. Bxe4 Bxe4 13. Qxe4 Nxc5 14.
Qg4 Bf6 15. Rad1 Qc8 16. b3 Rd8 17. c4 Qb7 18. h4 a5 19. h5 a4 20. Bh6 Kh8 21.
Bg5 Bxg5 22. Qxg5 Rxd1 23. Rxd1 f6 24. Qe3 e5 25. b4 Ne6 26. a3 Rd8 27. Rxd8+
Nxd8 28. c5 bxc5 29. Qxc5 Kg8 30. Qa5 Qe7 31. b5 Nb7 32. Qxa4 Nd6 33. Qb3+ Kf8
34. a4 Qc7 35. Kf1 Qc1+ 36. Ke2 e4 37. Nd4 Qc8 38. Qb4 Qg4+ 39. Kd2 Qf4+ 40.
Ke1 Qe5 41. Qc5 Qe7 42. Nc6 Qe6 43. b6 Ke8 44. a5 Nb7 45. Qb5 Nd6 46. Qa4 Kf8
47. a6 e3 48. f3 Qd5 49. Qc2 Qxh5 50. b7 Qh1+ 51. Ke2 Qxg2+ 52. Kd3 Qf1+ 53.
Qe2 Qb1+ 54. Kxe3 Nxb7 55. axb7 Qxb7 56. Nd4 Qd5 57. Qd3 Qg5+ 58. Kf2 Qh4+ 59.
Ke2 Qh2+ 60. Kd1 Qg1+ 61. Kc2 Qg2+ 62. Kc3 Qh3 63. Qc4 Qd7 64. Ne6+ Kg8 65.
Ng5+ Kh8 66. Nf7+ Kg8 67. Ne5+ Kf8 68. Nxd7+ Ke7 69. Kd4 h5 70. Kd5 Kf7 71. Qh4
Kg6 72. Nf8+ Kh6 73. Qf4+ g5 74. Qxf6# 1-0

[Event "Michigan Open Reserve"]
[Site "Cadillac, MI"]
[Date "1999.09.06"]
[Round "7"]
[White "James, Larry"]
[Black "June, Brian"]
[Result "0-1"]
[WhiteElo "1748"]
[BlackElo "1700"]
[PlyCount "38"]
[EventDate "1999.09.03"]

1. e4 c5 2. Nf3 d6 3. d4 cxd4 4. Nxd4 Nf6 5. Nc3 g6 6. f3 Bg7 7. Be3 Nc6 8. Qd2
O-O 9. O-O-O Nxd4 10. Bxd4 Be6 11. g4 Qa5 12. Kb1 Rfc8 13. a3 Rc6 14. h4 Rac8
15. Nb5 Qa4 16. Bc3 Nxe4 17. fxe4 Rxc3 18. Nxc3 Rxc3 19. bxc3 Qxa3 0-1

[Event "Michigan Open Reserve"]
[Site "Cadillac, MI"]
[Date "1999.09.06"]
[Round "6"]
[White "Imai, Toshio"]
[Black "Barta, Roger"]
[Result "1/2-1/2"]
[WhiteElo "1500"]
[BlackElo "1649"]
[PlyCount "60"]
[EventDate "1999.09.03"]

1. e4 e6 2. d4 d5 3. Nc3 Bb4 4. e5 c5 5. Qg4 Ne7 6. Bb5+ Bd7 7. Bxd7+ Qxd7 8.
a3 Bxc3+ 9. bxc3 O-O 10. h4 Nbc6 11. Ne2 cxd4 12. cxd4 Rac8 13. h5 Nf5 14. h6
g6 15. c3 f6 16. f4 Na5 17. Bd2 Nc4 18. Rc1 fxe5 19. fxe5 Qf7 20. Qf4 Nfe3 21.
Bxe3 Qe7 22. Qg5 Qxa3 23. Bf4 Nb2 24. Kd2 Nc4+ 25. Kd3 Qa6 26. Kc2 Qa2+ 27. Kd1
Nb2+ 28. Kd2 Nc4+ 29. Kd1 Nb2+ 30. Kd2 Nc4+ 1/2-1/2

[Event "Michigan Open Reserve"]
[Site "Cadillac, MI"]
[Date "1999.09.06"]
[Round "6"]
[White "Holladay, Jason"]
[Black "Duweck, Mike"]
[Result "1-0"]
[WhiteElo "1289"]
[BlackElo "1439"]
[PlyCount "95"]
[EventDate "1999.09.03"]

1. e4 c5 2. Nf3 d6 3. d4 cxd4 4. Nxd4 Nf6 5. Nc3 a6 6. Bc4 e6 7. O-O Be7 8. f4
b5 9. Be2 e5 10. Nf5 Bxf5 11. exf5 e4 12. Nd5 O-O 13. Nxf6+ Bxf6 14. Qd5 Ra7
15. Qxe4 Re8 16. Qd3 Rae7 17. Bf3 Qb6+ 18. Kh1 Qd4 19. Qxd4 Bxd4 20. c3 Bb6 21.
Bd2 Nd7 22. Rad1 Nf6 23. b3 d5 24. Rfe1 Ne4 25. Bxe4 dxe4 26. Be3 Ba5 27. b4
Bc7 28. g4 f6 29. Kg2 Rd8 30. Rxd8+ Bxd8 31. Kf2 Rd7 32. Bd4 Re7 33. Ke3 Bc7
34. h4 Kf7 35. g5 Re8 36. h5 Re7 37. Rg1 Re8 38. h6 fxg5 39. Rxg5 g6 40. fxg6+
hxg6 41. h7 Bb6 42. Bxb6 Kg7 43. f5 Kxh7 44. fxg6+ Kh6 45. Rg1 Kg7 46. Bd4+ Kg8
47. g7 Kf7 48. Rh1 1-0

[Event "Michigan Open Reserve"]
[Site "Cadillac, MI"]
[Date "1999.09.06"]
[Round "6"]
[White "Haney, Mark"]
[Black "Griffin, John"]
[Result "1-0"]
[WhiteElo "1478"]
[BlackElo "1525"]
[PlyCount "99"]
[EventDate "1999.09.03"]

1. e4 c5 2. Nc3 Nc6 3. g3 e6 4. Bg2 g6 5. d3 Bg7 6. f4 Nge7 7. Nf3 d5 8. e5 Nf5
9. O-O Rb8 10. Qe2 O-O 11. Nd1 b5 12. c3 d4 13. Nh4 Nce7 14. Nxf5 Nxf5 15. Nf2
Bb7 16. Ne4 Qe7 17. a4 a6 18. a5 Qc7 19. Bd2 Ne7 20. cxd4 cxd4 21. Rfc1 Qd8 22.
Bb4 Bxe4 23. Qxe4 Re8 24. Bc5 Qd5 25. Qxd4 Qxd4+ 26. Bxd4 Nd5 27. Bxd5 exd5 28.
Rc7 Bf8 29. Bb6 Bb4 30. Rac1 Kf8 31. Bc5+ Bxc5+ 32. R1xc5 Re7 33. Rxe7 Kxe7 34.
b4 Rb7 35. Rxd5 Rc7 36. h4 Rc3 37. Kf2 f6 38. Ke3 fxe5 39. fxe5 Rb3 40. Rd4 Rb1
41. Ke4 Re1+ 42. Kd5 h6 43. Re4 Rb1 44. Kc5 Rb3 45. Kb6 Rxd3 46. Kxa6 Rd5 47.
Kb6 g5 48. h5 Ke6 49. a6 Kd7 50. a7 1-0

[Event "Michigan Open Reserve"]
[Site "Cadillac, MI"]
[Date "1999.09.06"]
[Round "7"]
[White "Haney, Mark"]
[Black "Bohland, Jonathon"]
[Result "0-1"]
[WhiteElo "1478"]
[BlackElo "1157"]
[PlyCount "70"]
[EventDate "1999.09.03"]

1. e4 c5 2. Nc3 d6 3. g3 Nc6 4. Bg2 Nf6 5. d3 g6 6. Nge2 Bg7 7. h3 O-O 8. Be3
a6 9. Qd2 Re8 10. O-O Bd7 11. f4 b5 12. e5 dxe5 13. fxe5 Nxe5 14. Bxa8 Qxa8 15.
Nf4 Nf3+ 16. Rxf3 Qxf3 17. Qf2 Qxf2+ 18. Kxf2 b4 19. Ncd5 Nxd5 20. Nxd5 Bxb2
21. Re1 Bd4 22. h4 Bxe3+ 23. Rxe3 Bb5 24. Rxe7 Rxe7 25. Nxe7+ Kg7 26. Nd5 f5
27. Nc7 Kf7 28. Ke3 c4 29. Nxb5 axb5 30. d4 h6 31. d5 g5 32. h5 Ke7 33. Kd4 Kd6
34. c3 bxc3 35. Kxc3 Kxd5 0-1

[Event "Michigan Open Reserve"]
[Site "Cadillac, MI"]
[Date "1999.09.06"]
[Round "6"]
[White "Grzegorczyk, Ron"]
[Black "Kane, Paul"]
[Result "0-1"]
[WhiteElo "1500"]
[BlackElo "1643"]
[PlyCount "62"]
[EventDate "1999.09.03"]

1. e4 c5 2. Nf3 d6 3. Be2 Nf6 4. Nc3 Nc6 5. d3 a6 6. O-O e6 7. b3 b5 8. Be3 g6
9. a3 Bg7 10. Rb1 Qc7 11. Nd2 O-O 12. f4 Nd4 13. Bf3 Bb7 14. Ne2 Nxf3+ 15. Nxf3
Ng4 16. Bc1 Rac8 17. h3 Nf6 18. Bb2 c4 19. e5 dxe5 20. fxe5 Nd5 21. Bd4 Bh6 22.
Bf2 Ne3 23. Bxe3 Bxe3+ 24. Kh1 cxd3 25. Qxd3 Bh6 26. Nh2 Qxe5 27. Ng4 Qg5 28.
Nf6+ Kh8 29. Ne4 Qe3 30. Qxe3 Bxe3 31. c4 Bxe4 0-1

[Event "Michigan Open Reserve"]
[Site "Cadillac, MI"]
[Date "1999.09.06"]
[Round "7"]
[White "Griffin, John"]
[Black "Cox, Nick"]
[Result "1-0"]
[WhiteElo "1525"]
[BlackElo "1015"]
[PlyCount "79"]
[EventDate "1999.09.03"]

1. d4 Nf6 2. c4 e5 3. dxe5 Ng4 4. Bf4 Bc5 5. e3 Nc6 6. Qxg4 g6 7. a3 d6 8. Qd1
dxe5 9. Qxd8+ Kxd8 10. Bg5+ Ke8 11. Nf3 Be6 12. Bf6 Rf8 13. Nxe5 Nxe5 14. Bxe5
Kd7 15. Be2 Rad8 16. O-O Kc8 17. b4 Be7 18. Ra2 f6 19. Bd4 a6 20. Rd2 Bf5 21.
Bd3 Be6 22. Rc1 f5 23. Be2 Rde8 24. Be5 h5 25. Nc3 h4 26. Nd5 Bg5 27. Nxc7 Re7
28. Nxe6 Rxe6 29. Rd5 Rfe8 30. f4 Bh6 31. Rcd1 g5 32. Bh5 Rh8 33. Bxh8 Kb8 34.
Be5+ Ka7 35. Rd7 gxf4 36. exf4 Rc6 37. Bf3 Rb6 38. Bd4 Bxf4 39. Bxb6+ Kxb6 40.
Rxb7# 1-0

[Event "Michigan Open Reserve"]
[Site "Cadillac, MI"]
[Date "1999.09.06"]
[Round "6"]
[White "Foord, Allan"]
[Black "Moore, Robert"]
[Result "1-0"]
[WhiteElo "1503"]
[BlackElo "1600"]
[PlyCount "109"]
[EventDate "1999.09.03"]

1. e4 c5 2. Nf3 d6 3. d4 cxd4 4. Nxd4 Nf6 5. Nc3 a6 6. Bd3 Nc6 7. Be3 Ng4 8.
Nxc6 bxc6 9. Bf4 e5 10. Bg3 Be7 11. h3 Nf6 12. O-O O-O 13. Kh1 Qc7 14. f4 Nd7
15. Qf3 exf4 16. Qxf4 Ne5 17. Be2 h6 18. h4 Ng6 19. Qf2 Be6 20. Rad1 Rad8 21.
a3 Qb7 22. b4 Bf6 23. Na4 Ne5 24. Nb6 Be7 25. Bxe5 dxe5 26. Bc4 Bxc4 27. Nxc4
Qb5 28. Rxd8 Bxd8 29. Nd6 Qb6 30. Qxb6 Bxb6 31. Nc4 Bd4 32. g4 f6 33. Rf3 Rd8
34. Rd3 Kf8 35. c3 Bb6 36. Rxd8+ Bxd8 37. Kg2 Ke7 38. h5 Ke6 39. Kf3 Bc7 40.
Ne3 Kf7 41. Nf5 Kf8 42. Ke3 Bd8 43. Kd3 Bb6 44. Kc4 Ba7 45. a4 Bb6 46. a5 Ba7
47. Nd6 Be3 48. Nb7 Ke7 49. Nc5 Kf7 50. Nxa6 g6 51. Nc5 f5 52. hxg6+ Kxg6 53.
gxf5+ Kf6 54. a6 h5 55. a7 1-0

[Event "Michigan Open Reserve"]
[Site "Cadillac, MI"]
[Date "1999.09.06"]
[Round "7"]
[White "Duweck, Mike"]
[Black "Seppala, Travis"]
[Result "1-0"]
[WhiteElo "1439"]
[BlackElo "907"]
[PlyCount "101"]
[EventDate "1999.09.03"]

1. d4 d5 2. c4 e6 3. Nc3 Nf6 4. Bg5 Bb4 5. Rc1 O-O 6. Nf3 Qe8 7. Bxf6 gxf6 8.
cxd5 exd5 9. e3 Bg4 10. Bd3 f5 11. O-O f6 12. Nxd5 Bd6 13. Nxc7 Qh5 14. Qb3+
Kh8 15. Qd5 Rd8 16. g3 Bxf3 17. Qxf5 Qxf5 18. Bxf5 Bxc7 19. Rxc7 Nc6 20. Rxh7+
Kg8 21. Rxb7 Rab8 22. Rxb8 Rxb8 23. b3 Be2 24. Rc1 Nb4 25. f4 Nxa2 26. Rc2 Bd1
27. Be6+ Kf8 28. Rxa2 Re8 29. d5 Bxb3 30. Rxa7 Rd8 31. g4 Bxd5 32. Bxd5 Rxd5
33. Kf2 Rd2+ 34. Kg3 Re2 35. Ra3 Kg7 36. h4 Kg6 37. Rd3 Ra2 38. e4 Re2 39. Kf3
Rh2 40. h5+ Kh6 41. Re3 Rh3+ 42. Ke2 Rh1 43. e5 f5 44. gxf5 Rxh5 45. f6 Kg6 46.
Kd3 Kf5 47. f7 Rh8 48. e6 Kxf4 49. e7 Kg5 50. e8=Q Rxe8 51. fxe8=Q 1-0

[Event "Michigan Open Reserve"]
[Site "Cadillac, MI"]
[Date "1999.09.06"]
[Round "7"]
[White "Drysdale, Gilbert"]
[Black "Johnson, Donta"]
[Result "1-0"]
[WhiteElo "1795"]
[BlackElo "1483"]
[PlyCount "85"]
[EventDate "1999.09.03"]

1. c4 Nf6 2. Nc3 g6 3. g3 Bg7 4. Bg2 O-O 5. e4 d6 6. Nge2 c5 7. O-O Nc6 8. d3
Bd7 9. h3 Ne8 10. Bg5 Nc7 11. Qd2 Re8 12. Bh6 Bh8 13. g4 Ne6 14. f4 Ned4 15. f5
Ne5 16. Nxd4 cxd4 17. Ne2 Qb6 18. Rf2 Bg7 19. Bxg7 Kxg7 20. Nf4 Rf8 21. f6+
exf6 22. Nd5 Qd8 23. Raf1 Be6 24. Nxf6 h6 25. Qe2 Nd7 26. e5 dxe5 27. Nxd7 Qxd7
28. Qxe5+ Kg8 29. Be4 Rae8 30. Qf6 Qe7 31. Qxe7 Rxe7 32. Bxg6 Kg7 33. Rf6 Rfe8
34. Rxe6 fxe6 35. Bxe8 Rxe8 36. Kg2 e5 37. Kf3 Kg6 38. Ke4 Re6 39. a3 Kg5 40.
Rf5+ Kh4 41. Rxe5 Rb6 42. Kf3 Rf6+ 43. Kg2 1-0

[Event "Michigan Open Reserve"]
[Site "Cadillac, MI"]
[Date "1999.09.06"]
[Round "6"]
[White "Drysdale, Gilbert"]
[Black "Dickerson, Tom"]
[Result "1-0"]
[WhiteElo "1795"]
[BlackElo "1487"]
[PlyCount "69"]
[EventDate "1999.09.03"]

1. c4 c5 2. Nf3 Nf6 3. Nc3 g6 4. d4 b6 5. d5 Bg7 6. e4 O-O 7. Be2 Bb7 8. O-O
Na6 9. h3 Kh8 10. Bg5 d6 11. Qd2 Ng8 12. Bd3 Nc7 13. Rae1 Ne8 14. Re2 Bc8 15.
e5 dxe5 16. Nxe5 Bxe5 17. Rxe5 f6 18. Bh6 Rf7 19. Re2 g5 20. Bxg5 fxg5 21. Qxg5
Rg7 22. Qe5 Bxh3 23. Bxh7 Bxg2 24. Bg6 Bxf1 25. Qh5+ Nh6 26. Qxh6+ Kg8 27. Kxf1
e5 28. dxe6 Qf6 29. Nd5 Qd8 30. Bxe8 Qg5 31. Bf7+ Kf8 32. Qh8+ Rg8 33. Qxg8+
Qxg8 34. Bxg8 Kxg8 35. Nc7 1-0